Ha közbeszerzés, legyen zöld?

Elmentve itt :
Bibliográfiai részletek
Szerző: Martus Bettina
További közreműködők: Udvari Beáta (Témavezető)
Dokumentumtípus: Szakdolgozat
Megjelent: 2012
Tárgyszavak:
Online Access:http://diploma.bibl.u-szeged.hu/57433
LEADER 00530nta a2200157 i 4500
001 dipl57433
005 20160613154228.0
008 160613s2012 hu om 0|| hun d
040 |a SZTE Diploma Repozitórium  |b hun 
041 |a hun 
100 1 |a Martus Bettina 
245 1 0 |a Ha közbeszerzés, legyen zöld?  |h [elektronikus dokumentum] /  |c Bettina Martus 
260 |c 2012 
650 4 |a Gazdaságtudományok 
700 1 |a Udvari Beáta  |e ths 
856 4 0 |u http://diploma.bibl.u-szeged.hu/id/eprint/57433/1/2012_martus_bettina_2.pdf  |z Dokumentum-elérés